| 000 | 00706nam a2200217 u 4500 | ||
|---|---|---|---|
| 005 | 20220916063654.0 | ||
| 008 | 190205s2007 es r 000 0 spa d | ||
| 020 | _a9788421698433 | ||
| 035 | _aUPN01000228798 | ||
| 049 | _aI | ||
| 050 | 4 |
_aPZ78 _bD4.7 |
|
| 245 | 0 | 0 |
_aDescubro las formas : _b6 divertidas solapas con sorpresas / _cdir. Trini Murull ; tr. Virtudes Tardón. |
| 260 |
_aMadrid : _bBruño, _cc2007. |
||
| 300 |
_a[16] p. plg. : _bil. col. |
||
| 534 |
_pTítulo original: _tFlip flaps I love shapes |
||
| 650 | 7 |
_aLibros ilustrados para niños _2 _921365 |
|
| 650 | 4 |
_aGEOMETRIA - _vLITERATURA INFANTIL _924821 |
|
| 700 | 1 |
_aMurull, Trini, _edir. |
|
| 905 | _aInfantil | ||
| 999 |
_c200893 _d200893 |
||